Elementos de jurisprudencia mercantil / (Record no. 166017)

MARC details
000 -LEADER
campo de control de longitud fija 00816nam a22002175i 4500
001 - NÚMERO DE CONTROL
campo de control 166017
003 - IDENTIFICADOR DE NÚMERO DE CONTROL
campo de control ES-MaACL
005 - FECHA Y HORA DE LA ÚLTIMA TRANSACCIÓN
campo de control 20251005063131.0
008 - DATOS DE LONGITUD FIJA--INFORMACIÓN GENERAL
campo de control de longitud fija 021029s1838 sp |||| | spa d
040 ## - FUENTE DE CATALOGACIÓN
Centro catalogador/agencia de origen EUS
Lengua de catalogación spa
Centro/agencia transcriptor EUS
100 1# - ENTRADA PRINCIPAL--NOMBRE DE PERSONA
Nombre de persona Tapia, Eugenio de,
Fechas asociadas al nombre 1776-1860
9 (RLIN) 162879
245 10 - MENCIÓN DEL TÍTULO
Título Elementos de jurisprudencia mercantil /
Mención de responsabilidad, etc. por Eugenio de Tapia.
250 ## - MENCION DE EDICION
Mención de edición Nueva edición considerablemente aumentada y refundida.
260 ## - PUBLICACIÓN, DISTRIBUCIÓN, ETC.
Lugar de publicación, distribución, etc. Valencia :
Nombre del editor, distribuidor, etc. librería de D. Ildefonso Mompiè de Montagudo,
Fecha de publicación, distribución, etc. 1838 (
Fabricante Imprenta de D. Ildefonso Mompiè de Montagudo)
300 ## - DESCRIPCIÓN FÍSICA
Extensión 2 v. ;
Dimensiones 21 cm.
596 #1 - NOTA AL PIE DE IMPRENTA
NOTA AL PIE DE IMPRENTA Datos de impresor tomados de v. de antep.
650 #4 - PUNTO DE ACCESO ADICIONAL DE MATERIA--TÉRMINO DE MATERIA
Término de materia o nombre geográfico como elemento de entrada Derecho mercantil-
Subdivisión geográfica España
9 (RLIN) 11735
752 ## - ENTRADA AGREGADA--NOMBRE JERÁRQUICO DEL LUGAR
País o entidad superior España -
Ciudad Valencia
852 ## - LOCALIZACIÓN
Ubicación ES-MaACL
Número de control de estantería C-3346
Nota libre -- Enc hol.
Holdings
Estatus retirado Estado de pérdida Estado de daño No para préstamo Colección Biblioteca de origen Biblioteca actual Ubicación en estantería Fecha de adquisición Fuente de adquisición Total de préstamos Signatura topográfica completa Código de barras Visto por última vez Precio de reemplazo Tipo de ítem Koha
        Libros del s. XIX Biblioteca del Ateneo de Madrid Biblioteca del Ateneo de Madrid Sala Palomar 17/01/2008     C-3346 1174107 23/02/2023 23/02/2023 Libro impreso antiguo